| 000 | 01421nam a2200361 i 4500 | ||
|---|---|---|---|
| 001 | ELB75910 | ||
| 003 | FlNmELB | ||
| 005 | 20250326042909.0 | ||
| 006 | m o d | | ||
| 007 | cr cnu|||||||| | ||
| 008 | 190507s2007 mx o 000 1 spa d | ||
| 020 | _z9789707227422 | ||
| 020 | _a9781449266417 (e-book) | ||
| 035 | _a(OCoLC)1230152551 | ||
| 040 |
_aFINmELB _bspa _erda _cFINmELB |
||
| 050 | 4 |
_aPQ7297.A9 _b.P667 2007 |
|
| 082 | 0 |
_a863 _223 |
|
| 100 | 1 |
_aPons, Matilde, _eautor. |
|
| 245 | 1 | 3 |
_aLa palabra me sono extraña / _cMatilde Pons Liceaga. |
| 250 | _a3a. edicion. | ||
| 264 | 1 |
_aMexico : _bPlaza y Valdes, _c2007. |
|
| 300 | _a1 recurso en línea (174 páginas) | ||
| 336 |
_atexto _btxt _2rdacontent/spa |
||
| 337 |
_acomputadora _bc _2rdamedia/spa |
||
| 338 |
_arecurso en línea _bcr _2rdacarrier/spa |
||
| 588 | _aDescripción basada en el editor de metadatos y otras fuentes. | ||
| 590 | _aRecurso electrónico. Santa Fe, Arg.: elibro, 2018. Disponible vía World Wide Web. El acceso puede estar limitado para las bibliotecas afiliadas a elibro. | ||
| 650 | 0 |
_aMexican fiction _y20th century. |
|
| 655 | 4 | _aLibros electrónicos. | |
| 776 | 0 | 8 |
_iPrint version: _aPons Liceaga, Matilde. _tPalabra me sono extraña. _b3a. edicion. _dMexico : Plaza y Valdes, 2007 _h174 páginas _z9789707227422 |
| 797 | 2 | _aelibro, Corp | |
| 856 | 4 | 0 |
_uhttps://elibro.net/ereader/usam/75910 _zClick to View |
| 999 |
_c136941 _d136941 |
||